Cincinnati Bengals Starting Quarterbacks of Super Bowl Era - Statistics

General Stats
  • This quiz has been taken 202 times
    125 since last reset
  • The average score is 11 of 33
Answer Stats
Answer % Correct
Joe Burrow
100%
Andy Dalton
95%
Boomer Esiason
92%
Ken Anderson
90%
Carson Palmer
89%
Jake Browning
67%
Jon Kitna
53%
Ryan Fitzpatrick
53%
Akili Smith
52%
AJ McCarron
47%
Jeff Blake
45%
Ryan Finley
42%
Brandon Allen
36%
Jeff Driskel
25%
David Klingler
24%
Greg Cook
22%
Neil O Donnell
20%
Virgil Carter
20%
Jack Thompson
19%
Sam Wyche
19%
John Stofa
16%
Gus Frerotte
13%
Turk Schonert
13%
Scott Mitchell
10%
Dewey Warren
9%
Erik Wilhelm
9%
John Reaves
9%
Jay Schroeder
8%
Paul Justin
8%
Donald Hollas
7%
Wayne Clark
7%
Adrian Breen
6%
Dave Ealter
1%
No matching quizzes found
Score Distribution
Percent of People with Each Score
Percentile by Number Answered
Your Score History
You have not taken this quiz since the last reset